[Event "8th OHRA Open"]
[Site "Amsterdam NED"]
[Date "1989.08.10"]
[Round "9"]
[White "Garcia Callejo, Jesus"]
[Black "Peelen, Piet"]
[Result "1-0"]
[WhiteElo "2300"]
[BlackElo "2385"]
[EventDate "1989.07.31"]
[PlyCount "117"]

1.e4 c6 2.d4 d5 3.e5 Bf5 4.Nc3 e6 5.g4 Bg6 6.Nge2 c5 7.h4 Nc6 8.Be3 cxd4 
9.Nxd4 h5 10.Bb5 Ne7 11.f4 hxg4 12.Qxg4 a6 13.Ba4 Rc8 14.h5 Bf5 15.Qe2 b5 
16.Ncxb5 axb5 17.Qxb5 f6 18.Qa6 Kf7 19.Bxc6 Nxc6 20.Nxc6 Qc7 21.Nd4 fxe5 
22.Nxf5 Qxc2 23.Nd6+ Bxd6 24.Qxd6 Qe4 25.Qd7+ Kf6 26.fxe5+ Kxe5 27.Qxg7+ 
Kd6 28.Qg3+ e5 29.Rf1 Rhg8 30.Qf3 Qh4+ 31.Kd1 Rcf8 32.Qe2 Rxf1+ 33.Qxf1 
Qxh5+ 34.Kd2 d4 35.Qf6+ Kd5 36.Bf2 Rc8 37.Re1 Rc6 38.Qg7 Qf5 39.Qg2+ Kd6 
40.Ke2 Rc2+ 41.Kf1 d3 42.Rd1 e4 43.Qg3+ Kd5 44.Qe3 Qh7 45.Kg1 Qg7+ 46.Kf1 
Qh7 47.Qg5+ Ke6 48.Kg1 Rc8 49.Bg3 Qa7+ 50.Bf2 Qb8 51.Qg6+ Kd5 52.Qf7+ Kc6 
53.Rc1+ Kb5 54.Qb3+ Ka5 55.Qa3+ Kb5 56.Rc5+ Rxc5 57.Qxc5+ Ka6 58.Qc6+ Ka5 
59.Be1+ 1-0

[Event "8th OHRA Open"]
[Site "Amsterdam NED"]
[Date "1989.08.10"]
[Round "9"]
[White "Visser, Yge"]
[Black "Blatny, Pavel"]
[Result "0-1"]
[WhiteElo "2335"]
[BlackElo "2470"]
[EventDate "1989.07.31"]
[PlyCount "68"]

1.e4 e5 2.Nf3 Nc6 3.Bb5 a6 4.Ba4 Nf6 5.O-O Be7 6.Re1 b5 7.Bb3 O-O 8.a4 Bb7
9.d3 d6 10.Nc3 Na5 11.Ba2 b4 12.Ne2 c5 13.Nd2 Bc8 14.c3 bxc3 15.bxc3 Be6 
16.f4 Bxa2 17.Rxa2 Re8 18.Nf3 c4 19.Ng3 cxd3 20.Qxd3 Qb6+ 21.Kh1 Ng4 22.
Rf1 Qb3 23.Rb2 Qxa4 24.Qd5 exf4 25.Nf5 Bf8 26.Rb4 Qc2 27.Ng5 Ne5 28.Bxf4 
Qd3 29.Rd1 Qxd5 30.Rxd5 Nac6 31.Rb7 a5 32.Nxd6 Bxd6 33.Rxd6 a4 34.Rb2 Nc4 
0-1

[Event "8th OHRA Open"]
[Site "Amsterdam NED"]
[Date "1989.08.10"]
[Round "9"]
[White "Kuijf, Marinus"]
[Black "Crisan, Alexandru"]
[Result "1/2-1/2"]
[WhiteElo "2530"]
[BlackElo "2315"]
[EventDate "1989.07.31"]
[PlyCount "83"]

1.e4 c5 2.Nf3 d6 3.d4 Nf6 4.Nc3 cxd4 5.Nxd4 Nc6 6.Be3 Ng4 7.Bg5 h6 8.Bh4 
g5 9.Bg3 Bg7 10.Nb3 Nge5 11.Be2 Be6 12.Nd5 Rc8 13.c3 a6 14.h4 Na5 15.Nd4 
Bxd5 16.exd5 Nac4 17.Bxc4 Rxc4 18.Qe2 Qc8 19.Bxe5 Bxe5 20.Nc6 Qg4 21.Nxe5 
Qxe2+ 22.Kxe2 Re4+ 23.Kf1 Rxe5 24.hxg5 Rxg5 25.Rd1 Rhg8 26.g3 Rf5 27.Rd3 
h5 28.Rh4 Rg4 29.Rxg4 hxg4 30.Rd4 Kd7 31.Rxg4 Rxd5 32.Rb4 b5 33.a4 Kc6 34.
axb5+ axb5 35.Re4 e6 36.Ke2 Rg5 37.Rh4 d5 38.Rh7 Rf5 39.Ke3 Kc5 40.Rh4 
Re5+ 41.Kd3 Re1 42.Rh7 1/2-1/2